000
00259nam a22001337a 4500
003
SGT
082
_a
370
_b
S15G
100
_a
GANDHI, M.K.
245
_a
SWARAJ
260
_a
NEW DELHI
_b
APH PUB
_c
2015
300
_a
96
650
_a
EDUCATION
942
_2
ddc
_c
BK
999
_c
12237
_d
12237